[Event "Northumbria Masters GM"]
[Site "Newcastle"]
[Date "2021.08.30"]
[Round "9.3"]
[White "Murphy, Conor E"]
[Black "Fodor, Tamas jr"]
[Result "1/2-1/2"]
[WhiteElo "2382"]
[BlackElo "2520"]
[PlyCount "21"]
[EventDate "2021.08.26"]
[EventType "tourn"]
[EventRounds "9"]
[EventCountry "ENG"]
[EventCategory "8"]
[SourceTitle "The Week in Chess 1399"]
[Source "Mark Crowther"]
[SourceDate "2021.08.30"]
[SourceVersion "1"]
[SourceVersionDate "2021.08.30"]
[SourceQuality "2"]

1. e4 e6 2. d4 d5 3. exd5 exd5 4. Nf3 Nf6 5. Bd3 c5 6. O-O c4 7. Be2 Nc6 8. b3
cxb3 9. axb3 Bd6 10. c4 O-O 11. Nc3 1/2-1/2

[Event "Northumbria Masters GM"]
[Site "Newcastle"]
[Date "2021.08.30"]
[Round "9.4"]
[White "Eggleston, David J"]
[Black "Harvey, Marcus R"]
[Result "0-1"]
[WhiteElo "2381"]
[BlackElo "2440"]
[PlyCount "134"]
[EventDate "2021.08.26"]
[EventType "tourn"]
[EventRounds "9"]
[EventCountry "ENG"]
[EventCategory "8"]
[SourceTitle "The Week in Chess 1399"]
[Source "Mark Crowther"]
[SourceDate "2021.08.30"]
[SourceVersion "1"]
[SourceVersionDate "2021.08.30"]
[SourceQuality "2"]

1. e4 c6 2. d4 d5 3. e5 Bf5 4. h4 h5 5. c4 e6 6. Nc3 Ne7 7. Nge2 Bg4 8. Bg5 Qb6
9. Qd2 Nd7 10. cxd5 Nxd5 11. Nxd5 cxd5 12. Nc3 Bb4 13. Rc1 O-O 14. Bd3 Rfc8 15.
a3 Bxc3 16. Rxc3 Rc6 17. Rxc6 Qxc6 18. O-O Rc8 19. f3 Bf5 20. Bxf5 exf5 21. Rc1
Qxc1+ 22. Qxc1 Rxc1+ 23. Bxc1 Nf8 24. f4 Ne6 25. Be3 Kf8 26. Kf2 Ke7 27. Ke2
Kd7 28. Kd3 Kc6 29. b3 Kb5 30. Bc1 a5 31. Bd2 a4 32. b4 Nc7 33. Bc1 Kc6 34. Bd2
Kd7 35. Bc1 Ke6 36. Bb2 Nb5 37. Bc1 f6 38. Bb2 Ke7 39. Bc1 Kf7 40. Bb2 g5 41.
g3 Nc7 42. hxg5 fxg5 43. fxg5 Kg6 44. Bc1 Ne6 45. Bd2 b5 46. Be3 f4 47. gxf4
Kf5 48. Ke2 Ke4 49. Kf2 h4 50. Bc1 Nxd4 51. Kg2 Kf5 52. Kh3 Nf3 53. Kg2 Nd4 54.
Kh3 Nb3 55. Bb2 d4 56. Kxh4 d3 57. Bc3 d2 58. Bxd2 Nxd2 59. Kh5 Ne4 60. e6 Kxe6
61. Kg6 Ng3 62. Kg7 Nh5+ 63. Kf8 Nxf4 64. Ke8 Nd5 65. g6 Kf6 66. Kd7 Nxb4 67.
Kd6 Na6 0-1

[Event "Northumbria Masters GM"]
[Site "Newcastle"]
[Date "2021.08.30"]
[Round "9.5"]
[White "Wadsworth, Matthew J"]
[Black "Haria, Ravi"]
[Result "0-1"]
[WhiteElo "2416"]
[BlackElo "2440"]
[PlyCount "82"]
[EventDate "2021.08.26"]
[EventType "tourn"]
[EventRounds "9"]
[EventCountry "ENG"]
[EventCategory "8"]
[SourceTitle "The Week in Chess 1399"]
[Source "Mark Crowther"]
[SourceDate "2021.08.30"]
[SourceVersion "1"]
[SourceVersionDate "2021.08.30"]
[SourceQuality "2"]

1. c4 e6 2. g3 d5 3. Bg2 Nf6 4. Nf3 Be7 5. O-O O-O 6. b3 c5 7. Bb2 Nc6 8. e3 d4
9. exd4 cxd4 10. Re1 Bc5 11. Ne5 Nxe5 12. Rxe5 Nd7 13. Re1 e5 14. Ba3 Re8 15.
b4 Bf8 16. d3 Rb8 17. Nd2 b6 18. Rc1 Bb7 19. Bxb7 Rxb7 20. c5 bxc5 21. bxc5 Rb5
22. Ne4 Nf6 23. Nxf6+ Qxf6 24. Qa4 Qc6 25. Rc4 h5 26. h4 g6 27. Bb4 a6 28. Ba5
Re6 29. Rec1 Bh6 30. Re1 Qf3 31. Rc2 g5 32. Bd8 gxh4 33. Bxh4 e4 34. Rce2 Qxd3
35. c6 e3 36. c7 exf2+ 37. Rxf2 Rxe1+ 38. Kh2 Qe4 39. c8=Q+ Bf8 40. g4 Rh1+ 41.
Kg3 Rg1+ 0-1

[Event "Northumbria Masters IM"]
[Site "Newcastle"]
[Date "2021.08.26"]
[Round "1.1"]
[White "Grieve, Harry"]
[Black "Moreby, James E"]
[Result "0-1"]
[WhiteElo "2282"]
[BlackElo "2283"]
[PlyCount "77"]
[EventDate "2021.08.26"]
[EventType "tourn"]
[EventRounds "9"]
[EventCountry "ENG"]
[EventCategory "2"]
[SourceTitle "The Week in Chess 1399"]
[Source "Mark Crowther"]
[SourceDate "2021.08.30"]
[SourceVersion "1"]
[SourceVersionDate "2021.08.30"]
[SourceQuality "2"]

1. e4 c5 2. Nc3 a6 3. g3 Nc6 4. Nge2 e5 5. d3 g6 6. Bg2 d6 7. Be3 Bg7 8. Qd2
Nd4 9. O-O Ne7 10. f4 O-O 11. Rf2 Be6 12. Raf1 Qd7 13. Nd1 Nxe2+ 14. Qxe2 exf4
15. Bxf4 h6 16. c4 b5 17. b3 b4 18. Bc1 Nc6 19. Ne3 Nd4 20. Qd1 a5 21. Bf3 a4
22. Bg4 axb3 23. axb3 Bxg4 24. Nxg4 Ra1 25. Ne3 h5 26. Kg2 Rfa8 27. Nd5 R8a2
28. h3 Rxf2+ 29. Rxf2 Rb1 30. Rb2 Ra1 31. Rf2 Qa7 32. h4 Bh6 33. Nf4 Bxf4 34.
gxf4 f5 35. Kh2 fxe4 36. dxe4 Qe7 37. Rg2 Qxh4+ 38. Kg1 Rxc1 39. Rxg6+ 0-1

[Event "Northumbria Masters IM"]
[Site "Newcastle"]
[Date "2021.08.26"]
[Round "1.2"]
[White "Willow, Jonah B"]
[Black "Gourlay, Iain"]
[Result "1/2-1/2"]
[WhiteElo "2396"]
[BlackElo "2342"]
[PlyCount "166"]
[EventDate "2021.08.26"]
[EventType "tourn"]
[EventRounds "9"]
[EventCountry "ENG"]
[EventCategory "2"]
[SourceTitle "The Week in Chess 1399"]
[Source "Mark Crowther"]
[SourceDate "2021.08.30"]
[SourceVersion "1"]
[SourceVersionDate "2021.08.30"]
[SourceQuality "2"]

1. e4 c6 2. d4 d5 3. Nc3 dxe4 4. Nxe4 Nf6 5. Nxf6+ exf6 6. c3 Bd6 7. Bd3 O-O 8.
Ne2 Re8 9. O-O Nd7 10. Ng3 g6 11. Bh6 Nf8 12. Qd2 Ne6 13. Rad1 f5 14. d5 cxd5
15. Bb5 Bd7 16. Qxd5 Bxb5 17. Qxb5 Qc7 18. Rfe1 a6 19. Qd5 Rad8 20. Qf3 Bf4 21.
Bxf4 Nxf4 22. Rxe8+ Rxe8 23. Nf1 Re4 24. Ne3 Qe5 25. Rd8+ Kg7 26. Qd1 h5 27. h3
h4 28. Rd7 b5 29. Kf1 b4 30. Qd6 bxc3 31. Qxe5+ Rxe5 32. bxc3 Ra5 33. Rd2 Rb5
34. Kg1 Rb1+ 35. Kh2 Rc1 36. c4 Ne6 37. Rd6 f4 38. Ng4 Rxc4 39. Rxa6 Rc2 40.
Ra7 Ng5 41. a4 Kf8 42. a5 Ne4 43. Ne5 Rxf2 44. Rxf7+ Kg8 45. Nd3 Kxf7 46. Nxf2
Nd6 47. Nd3 g5 48. a6 Nc8 49. Ne5+ Ke6 50. Nc6 Nb6 51. Kg1 Kd5 52. Nd8 Kc4 53.
Ne6 Kb5 54. a7 Ka6 55. Nxg5 Kxa7 56. Nf3 Kb7 57. Nxh4 Kc6 58. Kf2 Kd6 59. Kf3
Ke5 60. Ng6+ Kf6 61. Nxf4 Nc4 62. g4 Nd2+ 63. Ke3 Nc4+ 64. Kd4 Nd2 65. Ke3 Nc4+
66. Kf2 Nd2 67. h4 Ke5 68. Ng2 Ke4 69. h5 Nf3 70. Kg3 Ng5 71. h6 Nf7 72. Kh4
Nxh6 73. g5 Ng8 74. Kh5 Kf5 75. Nh4+ Kf4 76. Kg6 Ne7+ 77. Kh5 Ng8 78. Ng2+ Kf3
79. Kg6 Ne7+ 80. Kf6 Kg4 81. Ne3+ Kh5 82. Nc4 Nd5+ 83. Kf5 Ne7+ 1/2-1/2

[Event "Northumbria Masters IM"]
[Site "Newcastle"]
[Date "2021.08.26"]
[Round "1.3"]
[White "Han, Yichen"]
[Black "Large, Peter G"]
[Result "1/2-1/2"]
[WhiteElo "2307"]
[BlackElo "2335"]
[PlyCount "28"]
[EventDate "2021.08.26"]
[EventType "tourn"]
[EventRounds "9"]
[EventCountry "ENG"]
[EventCategory "2"]
[SourceTitle "The Week in Chess 1399"]
[Source "Mark Crowther"]
[SourceDate "2021.08.30"]
[SourceVersion "1"]
[SourceVersionDate "2021.08.30"]
[SourceQuality "2"]

1. d4 Nf6 2. Nc3 d5 3. Bf4 e6 4. e3 a6 5. Nf3 c5 6. Ne5 Nc6 7. dxc5 Bxc5 8. Bd3
Bd6 9. Nxc6 bxc6 10. Bxd6 Qxd6 11. O-O O-O 12. Ne2 Rb8 13. b3 e5 14. Ng3 g6
1/2-1/2

[Event "Northumbria Masters IM"]
[Site "Newcastle"]
[Date "2021.08.26"]
[Round "1.4"]
[White "Muir, Andrew Joseph"]
[Black "McKay, Roderick M"]
[Result "1-0"]
[WhiteElo "2259"]
[BlackElo "2258"]
[PlyCount "101"]
[EventDate "2021.08.26"]
[EventType "tourn"]
[EventRounds "9"]
[EventCountry "ENG"]
[EventCategory "2"]
[SourceTitle "The Week in Chess 1399"]
[Source "Mark Crowther"]
[SourceDate "2021.08.30"]
[SourceVersion "1"]
[SourceVersionDate "2021.08.30"]
[SourceQuality "2"]

1. d4 d6 2. e4 Nf6 3. f3 Nbd7 4. c4 e5 5. d5 Be7 6. Be3 O-O 7. Qd2 a5 8. Bd3
Nc5 9. Bc2 Nfd7 10. Ne2 Nb6 11. b3 a4 12. Na3 axb3 13. axb3 f5 14. exf5 Bxf5
15. O-O Qd7 16. Bxc5 dxc5 17. Bxf5 Qxf5 18. Ng3 Bg5 19. Qe2 Qf4 20. Nc2 Nd7 21.
Ne4 Be7 22. Ne3 Bg5 23. Ng4 h5 24. g3 Qf5 25. Ngf2 Be7 26. Kg2 Qg6 27. Qe3 Ra6
28. Rxa6 Qxa6 29. Ng5 Qh6 30. h4 Ra8 31. f4 Bxg5 32. hxg5 exf4 33. gxf4 Qg6 34.
Qe6+ Qf7 35. Re1 g6 36. Nd3 Kf8 37. Qxf7+ Kxf7 38. Ne5+ Nxe5 39. fxe5 Ke7 40.
Rf1 Ra2+ 41. Kg3 Re2 42. e6 Re3+ 43. Kh2 Re2+ 44. Kh1 c6 45. Rf7+ Kd6 46. Rd7+
Ke5 47. Kg1 cxd5 48. cxd5 h4 49. Kf1 Re4 50. e7 Kf4 51. d6 1-0

[Event "Northumbria Masters IM"]
[Site "Newcastle"]
[Date "2021.08.26"]
[Round "1.5"]
[White "Urh, Zala"]
[Black "Claridge-Hansen, William"]
[Result "1-0"]
[WhiteElo "2216"]
[BlackElo "2290"]
[PlyCount "75"]
[EventDate "2021.08.26"]
[EventType "tourn"]
[EventRounds "9"]
[EventCountry "ENG"]
[EventCategory "2"]
[SourceTitle "The Week in Chess 1399"]
[Source "Mark Crowther"]
[SourceDate "2021.08.30"]
[SourceVersion "1"]
[SourceVersionDate "2021.08.30"]
[SourceQuality "2"]

1. d4 Nf6 2. c4 e6 3. Nf3 b6 4. g3 Bb7 5. Bg2 Bb4+ 6. Bd2 c5 7. Bxb4 cxb4 8.
O-O O-O 9. Qd3 d6 10. Rd1 Qe7 11. a3 bxa3 12. Nxa3 Rc8 13. Ne1 Bxg2 14. Nxg2
Nc6 15. d5 exd5 16. cxd5 Nb4 17. Qb3 Nbxd5 18. Rxd5 Nxd5 19. Qxd5 Qxe2 20. Qd4
Qe5 21. Qd2 Rc5 22. Rd1 h6 23. Nf4 Qf6 24. b4 Re5 25. Nc4 Ree8 26. Nxd6 Red8
27. b5 Qe5 28. Qb4 a5 29. Qa3 Ra7 30. Rd5 Qe7 31. Qd3 a4 32. Kg2 a3 33. Nf5 Qb7
34. Qd4 f6 35. Ne7+ Kf7 36. Nc6 Rd7 37. Rxd7+ Qxd7 38. Qc4+ 1-0

[Event "Northumbria Masters IM"]
[Site "Newcastle"]
[Date "2021.08.27"]
[Round "2.1"]
[White "Moreby, James E"]
[Black "Claridge-Hansen, William"]
[Result "1/2-1/2"]
[WhiteElo "2283"]
[BlackElo "2290"]
[PlyCount "47"]
[EventDate "2021.08.26"]
[EventType "tourn"]
[EventRounds "9"]
[EventCountry "ENG"]
[EventCategory "2"]
[SourceTitle "The Week in Chess 1399"]
[Source "Mark Crowther"]
[SourceDate "2021.08.30"]
[SourceVersion "1"]
[SourceVersionDate "2021.08.30"]
[SourceQuality "2"]

1. c4 c5 2. Nf3 g6 3. d4 cxd4 4. Nxd4 Bg7 5. e4 Nc6 6. Be3 Nf6 7. Nc3 O-O 8.
Be2 d6 9. O-O Bd7 10. h3 Nxd4 11. Bxd4 Bc6 12. Qc2 a5 13. Rad1 a4 14. c5 Qa5
15. cxd6 exd6 16. Bxf6 Bxf6 17. Nd5 Be5 18. Ne7+ Kg7 19. Nxc6 bxc6 20. Qxc6
Rfc8 21. Qb5 Qxb5 22. Bxb5 Rc5 23. Bd7 Ra7 24. f4 1/2-1/2

[Event "Northumbria Masters IM"]
[Site "Newcastle"]
[Date "2021.08.27"]
[Round "2.2"]
[White "McKay, Roderick M"]
[Black "Urh, Zala"]
[Result "0-1"]
[WhiteElo "2258"]
[BlackElo "2216"]
[PlyCount "100"]
[EventDate "2021.08.26"]
[EventType "tourn"]
[EventRounds "9"]
[EventCountry "ENG"]
[EventCategory "2"]
[SourceTitle "The Week in Chess 1399"]
[Source "Mark Crowther"]
[SourceDate "2021.08.30"]
[SourceVersion "1"]
[SourceVersionDate "2021.08.30"]
[SourceQuality "2"]

1. f4 d5 2. d3 Nf6 3. Nf3 g6 4. c3 Bg7 5. Qc2 O-O 6. Na3 a6 7. e4 dxe4 8. dxe4
b5 9. e5 Bf5 10. Qe2 Nd5 11. Be3 f6 12. O-O-O c6 13. Nd4 fxe5 14. fxe5 Qc7 15.
Nxf5 Rxf5 16. Bd4 Bxe5 17. g4 Bf4+ 18. Kb1 Rf7 19. h4 e5 20. Bg1 Nd7 21. g5
N7b6 22. h5 Na4 23. Qc2 Rd8 24. Ka1 Rfd7 25. Be2 Rd6 26. hxg6 hxg6 27. Rd3 Qg7
28. Rdh3 Bxg5 29. Qb3 Bf6 30. c4 e4 31. cxd5 Bxb2+ 32. Kb1 Rxd5 33. Bg4 Qf7 34.
Bb6 R8d6 35. Qxb2 Nxb2 36. Rh8+ Kg7 37. R8h7+ Kg8 38. Rh8+ Kg7 39. R8h7+ Kg8
40. Rxf7 Kxf7 41. Kxb2 Rg5 42. Rg1 Rd2+ 43. Nc2 Re5 44. Bd4 Rd5 45. Be3 Rh2 46.
Bf4 Rf2 47. Bg3 Rfd2 48. Kc1 c5 49. Ne3 R5d3 50. Rf1+ Ke8 0-1

[Event "Northumbria Masters IM"]
[Site "Newcastle"]
[Date "2021.08.27"]
[Round "2.3"]
[White "Large, Peter G"]
[Black "Muir, Andrew Joseph"]
[Result "1/2-1/2"]
[WhiteElo "2335"]
[BlackElo "2259"]
[PlyCount "53"]
[EventDate "2021.08.26"]
[EventType "tourn"]
[EventRounds "9"]
[EventCountry "ENG"]
[EventCategory "2"]
[SourceTitle "The Week in Chess 1399"]
[Source "Mark Crowther"]
[SourceDate "2021.08.30"]
[SourceVersion "1"]
[SourceVersionDate "2021.08.30"]
[SourceQuality "2"]

1. e4 c5 2. Nc3 Nc6 3. Bb5 Nd4 4. Nf3 e6 5. O-O a6 6. Bd3 Nc6 7. Be2 d6 8. d4
cxd4 9. Nxd4 Nf6 10. Be3 Be7 11. Qe1 O-O 12. Rd1 Qc7 13. f4 Nxd4 14. Bxd4 b5
15. e5 dxe5 16. fxe5 Nd7 17. Bf3 Bb7 18. Bxb7 Qxb7 19. Ne4 Rac8 20. c3 Qc7 21.
Nf6+ Nxf6 22. exf6 Bxf6 23. Rxf6 gxf6 24. Qh4 e5 25. Qxf6 exd4 26. Qg5+ Kh8 27.
Qf6+ 1/2-1/2

[Event "Northumbria Masters IM"]
[Site "Newcastle"]
[Date "2021.08.27"]
[Round "2.4"]
[White "Gourlay, Iain"]
[Black "Han, Yichen"]
[Result "0-1"]
[WhiteElo "2342"]
[BlackElo "2307"]
[PlyCount "90"]
[EventDate "2021.08.26"]
[EventType "tourn"]
[EventRounds "9"]
[EventCountry "ENG"]
[EventCategory "2"]
[SourceTitle "The Week in Chess 1399"]
[Source "Mark Crowther"]
[SourceDate "2021.08.30"]
[SourceVersion "1"]
[SourceVersionDate "2021.08.30"]
[SourceQuality "2"]

1. c4 c6 2. Nf3 d5 3. e3 Nf6 4. Nc3 Nbd7 5. d4 e6 6. Qc2 Bd6 7. b3 O-O 8. Be2
b6 9. Bb2 Bb7 10. O-O Qe7 11. Rad1 Rfe8 12. Rfe1 Rad8 13. Bf1 c5 14. cxd5 exd5
15. Ne2 Rc8 16. dxc5 Bxc5 17. Qd3 Ne4 18. Nf4 Ndf6 19. h3 Bb4 20. Re2 Nc3 21.
Bxc3 Rxc3 22. Qb1 Rec8 23. Nd4 Ne4 24. Nc2 Bd6 25. Nxd5 Bxd5 26. Rxd5 R3c7 27.
Nd4 Nc3 28. Qf5 Nxd5 29. Qxd5 Qe5 30. Qxe5 Bxe5 31. Nb5 Rd7 32. f4 Bf6 33. Kf2
a6 34. Na3 Rdc7 35. Nc4 b5 36. Nd6 Rd8 37. Ne4 Be7 38. g4 Rdc8 39. Kf3 Rc1 40.
Ng3 Bh4 41. Bg2 Bxg3 42. Kxg3 R8c2 43. Rxc2 Rxc2 44. a4 bxa4 45. bxa4 Rc4 0-1

[Event "Northumbria Masters IM"]
[Site "Newcastle"]
[Date "2021.08.27"]
[Round "2.5"]
[White "Grieve, Harry"]
[Black "Willow, Jonah B"]
[Result "0-1"]
[WhiteElo "2282"]
[BlackElo "2396"]
[PlyCount "114"]
[EventDate "2021.08.26"]
[EventType "tourn"]
[EventRounds "9"]
[EventCountry "ENG"]
[EventCategory "2"]
[SourceTitle "The Week in Chess 1399"]
[Source "Mark Crowther"]
[SourceDate "2021.08.30"]
[SourceVersion "1"]
[SourceVersionDate "2021.08.30"]
[SourceQuality "2"]

1. e4 e5 2. Nf3 Nc6 3. Bc4 Bc5 4. c3 Nf6 5. d4 exd4 6. e5 d5 7. Bb5 Ne4 8. cxd4
Bb6 9. Nc3 O-O 10. Be3 Bg4 11. h3 Bh5 12. Qc2 Bg6 13. Qb3 Ne7 14. O-O c6 15.
Bd3 Nd2 16. Nxd2 Bxd3 17. Rfe1 Bg6 18. Na4 Nf5 19. Nf3 Nxe3 20. fxe3 Kh8 21.
Rf1 f6 22. exf6 gxf6 23. Nxb6 Qxb6 24. Qxb6 axb6 25. a3 Kg7 26. Kf2 Rfe8 27.
Rfc1 Ra4 28. b3 Ra7 29. Ra2 Rea8 30. Rca1 Kf7 31. Ng1 Ke7 32. Ne2 Kd6 33. Nc3
b5 34. Ke2 Be4 35. Nxe4+ dxe4 36. Kf2 Ra5 37. b4 R5a7 38. Kg3 Kd5 39. Kf4 f5
40. Rc1 b6 41. Rac2 Rc8 42. Rc3 Rg7 43. Rg1 Rf8 44. Rc2 Rg6 45. g3 Rh6 46. Rh1
Rg8 47. Rcc1 Rhg6 48. Rhg1 h5 49. Rc2 h4 50. Rcg2 R6g7 51. Re2 Rxg3 52. Rxg3
Rxg3 53. Kxf5 Rxh3 54. Kg4 Rh1 55. Rc2 Re1 56. Rc3 Rd1 57. Kxh4 Rd3 0-1

[Event "Northumbria Masters IM"]
[Site "Newcastle"]
[Date "2021.08.27"]
[Round "3.1"]
[White "Willow, Jonah B"]
[Black "Moreby, James E"]
[Result "1/2-1/2"]
[WhiteElo "2396"]
[BlackElo "2283"]
[PlyCount "64"]
[EventDate "2021.08.26"]
[EventType "tourn"]
[EventRounds "9"]
[EventCountry "ENG"]
[EventCategory "2"]
[SourceTitle "The Week in Chess 1399"]
[Source "Mark Crowther"]
[SourceDate "2021.08.30"]
[SourceVersion "1"]
[SourceVersionDate "2021.08.30"]
[SourceQuality "2"]

1. e4 c5 2. Nf3 d6 3. Nc3 Nf6 4. e5 dxe5 5. Nxe5 e6 6. Bb5+ Nbd7 7. d4 a6 8.
Bxd7+ Bxd7 9. Bg5 Qc7 10. Qf3 Bc6 11. Nxc6 Qxc6 12. Qxc6+ bxc6 13. O-O-O O-O-O
14. dxc5 Bxc5 15. f3 h6 16. Bd2 Nd5 17. Ne4 Bb6 18. c4 Ne3 19. Bxe3 Bxe3+ 20.
Kc2 Kc7 21. Rhe1 Bd4 22. Rd3 c5 23. Rb1 a5 24. Ra3 Ra8 25. Rd1 Rhb8 26. Nc3 Rb4
27. Nb5+ Kb6 28. b3 Rd8 29. Nc3 Ka6 30. Ne4 Rc8 31. Nd6 Rc7 32. Nb5 Rd7 1/2-1/2

[Event "Northumbria Masters IM"]
[Site "Newcastle"]
[Date "2021.08.27"]
[Round "3.2"]
[White "Han, Yichen"]
[Black "Grieve, Harry"]
[Result "0-1"]
[WhiteElo "2307"]
[BlackElo "2282"]
[PlyCount "70"]
[EventDate "2021.08.26"]
[EventType "tourn"]
[EventRounds "9"]
[EventCountry "ENG"]
[EventCategory "2"]
[SourceTitle "The Week in Chess 1399"]
[Source "Mark Crowther"]
[SourceDate "2021.08.30"]
[SourceVersion "1"]
[SourceVersionDate "2021.08.30"]
[SourceQuality "2"]

1. d4 f5 2. Nf3 Nf6 3. Bf4 e6 4. e3 b6 5. Nbd2 Bb7 6. Bd3 Be7 7. h3 O-O 8. c3
Ne4 9. Rg1 d6 10. g4 Kh8 11. gxf5 exf5 12. Qc2 d5 13. Ne5 Nd7 14. Ndf3 c5 15.
O-O-O Rc8 16. h4 cxd4 17. exd4 b5 18. Nxd7 Qxd7 19. Ne5 Qe6 20. Bxb5 Qb6 21.
Qb3 Ba6 22. Bd7 Qa5 23. Bxc8 Rxc8 24. Kb1 Nxf2 25. Rde1 Nh3 26. Rg3 Nxf4 27.
Nf7+ Kg8 28. Rxe7 Ng6 29. Rxa7 f4 30. Rf3 Nxh4 31. Nd6 Nxf3 32. Kc1 Nxd4 33.
Qd1 Rxc3+ 34. Kb1 Bd3+ 35. Ka1 Rc1+ 0-1

[Event "Northumbria Masters IM"]
[Site "Newcastle"]
[Date "2021.08.27"]
[Round "3.3"]
[White "Muir, Andrew Joseph"]
[Black "Gourlay, Iain"]
[Result "1-0"]
[WhiteElo "2259"]
[BlackElo "2342"]
[PlyCount "76"]
[EventDate "2021.08.26"]
[EventType "tourn"]
[EventRounds "9"]
[EventCountry "ENG"]
[EventCategory "2"]
[SourceTitle "The Week in Chess 1399"]
[Source "Mark Crowther"]
[SourceDate "2021.08.30"]
[SourceVersion "1"]
[SourceVersionDate "2021.08.30"]
[SourceQuality "2"]

1. d4 d5 2. c4 e6 3. Nc3 Be7 4. Nf3 Nf6 5. Bg5 h6 6. Bh4 O-O 7. e3 b6 8. Be2
Bb7 9. Bxf6 Bxf6 10. cxd5 exd5 11. b4 c6 12. O-O Nd7 13. Qb3 b5 14. a4 a6 15.
a5 Be7 16. Ne1 Bd6 17. Nd3 Re8 18. Bf3 Nf6 19. Nc5 Bc8 20. g3 Ra7 21. Qc2 Rae7
22. Rfe1 h5 23. Rad1 Qc7 24. Kg2 h4 25. Ne2 g5 26. Nc3 g4 27. Be2 hxg3 28. hxg3
Bxg3 29. Bd3 Bf4 30. Rh1 Bxe3 31. fxe3 Rxe3 32. Qf2 Kg7 33. Ne2 Rh3 34. Ng3
Reh8 35. Rdf1 R8h6 36. Qe3 Nh7 37. Bxh7 Kxh7 38. Nd3 Be6 1-0

[Event "Northumbria Masters IM"]
[Site "Newcastle"]
[Date "2021.08.27"]
[Round "3.4"]
[White "Urh, Zala"]
[Black "Large, Peter G"]
[Result "1/2-1/2"]
[WhiteElo "2216"]
[BlackElo "2335"]
[PlyCount "106"]
[EventDate "2021.08.26"]
[EventType "tourn"]
[EventRounds "9"]
[EventCountry "ENG"]
[EventCategory "2"]
[SourceTitle "The Week in Chess 1399"]
[Source "Mark Crowther"]
[SourceDate "2021.08.30"]
[SourceVersion "1"]
[SourceVersionDate "2021.08.30"]
[SourceQuality "2"]

1. d4 e6 2. Nf3 Nf6 3. Bf4 Be7 4. h3 b6 5. e3 Bb7 6. Nbd2 c5 7. c3 O-O 8. Bd3
cxd4 9. exd4 d6 10. O-O Nbd7 11. Bh2 a6 12. a4 Re8 13. Re1 Bf8 14. Ne4 Nxe4 15.
Bxe4 Bxe4 16. Rxe4 b5 17. Qd3 h6 18. Ree1 Qb6 19. axb5 axb5 20. Nd2 d5 21. f4
b4 22. Nf3 b3 23. f5 Ra2 24. Rab1 Nf6 25. fxe6 Rxe6 26. Rxe6 Qxe6 27. Ne5 Qa6
28. c4 dxc4 29. Qxc4 Qxc4 30. Nxc4 Ne4 31. Re1 Ra4 32. Rxe4 Rxc4 33. Re8 Rxd4
34. Rb8 Rd2 35. Be5 f6 36. Bc3 Rd1+ 37. Kf2 Kf7 38. Rxb3 Bc5+ 39. Kf3 Rd3+ 40.
Ke2 Re3+ 41. Kf1 Ke6 42. Rb7 Be7 43. Kf2 Re4 44. b4 Rc4 45. Bd2 Rc2 46. Ke3 h5
47. Kd3 Rb2 48. g4 hxg4 49. hxg4 Rb1 50. Rb6+ Kd5 51. Rb7 Ke6 52. Rb6+ Kd5 53.
Rb7 Ke6 1/2-1/2

[Event "Northumbria Masters IM"]
[Site "Newcastle"]
[Date "2021.08.27"]
[Round "3.5"]
[White "Claridge-Hansen, William"]
[Black "McKay, Roderick M"]
[Result "1-0"]
[WhiteElo "2290"]
[BlackElo "2258"]
[PlyCount "99"]
[EventDate "2021.08.26"]
[EventType "tourn"]
[EventRounds "9"]
[EventCountry "ENG"]
[EventCategory "2"]
[SourceTitle "The Week in Chess 1399"]
[Source "Mark Crowther"]
[SourceDate "2021.08.30"]
[SourceVersion "1"]
[SourceVersionDate "2021.08.30"]
[SourceQuality "2"]

1. c4 e5 2. g3 f5 3. d4 e4 4. h4 c6 5. Nh3 Nf6 6. Nf4 Na6 7. e3 Bd6 8. Nc3 Bxf4
9. gxf4 d6 10. Be2 h5 11. Bd2 Qc7 12. Rb1 Qf7 13. b4 Nc7 14. b5 cxb5 15. Nxb5
Nxb5 16. Rxb5 O-O 17. d5 b6 18. Bc3 Ng4 19. Qd4 Qe7 20. a4 Bd7 21. Rb4 Rf7 22.
a5 bxa5 23. Rb7 a4 24. Rxa7 Qd8 25. Bxg4 fxg4 26. Rxa8 Qxa8 27. Qxe4 Bf5 28.
Qd4 Qb7 29. O-O Re7 30. c5 Re4 31. c6 Qe7 32. Qd2 Qxh4 33. Bd4 Re8 34. f3 gxf3
35. Qh2 Qg4+ 36. Kf2 Qg6 37. Rc1 Bg4 38. c7 Qd3 39. Kg3 Rc8 40. Qh4 Qg6 41. Qg5
Qxg5 42. fxg5 Kf7 43. Rc6 Kg6 44. e4 Kxg5 45. Be3+ Kf6 46. Rxd6+ Ke5 47. Rg6
Kxe4 48. Rxg4+ Kxe3 49. d6 f2 50. Rf4 1-0

[Event "Northumbria Masters IM"]
[Site "Newcastle"]
[Date "2021.08.28"]
[Round "4.1"]
[White "Moreby, James E"]
[Black "McKay, Roderick M"]
[Result "0-1"]
[WhiteElo "2283"]
[BlackElo "2258"]
[PlyCount "78"]
[EventDate "2021.08.26"]
[EventType "tourn"]
[EventRounds "9"]
[EventCountry "ENG"]
[EventCategory "2"]
[SourceTitle "The Week in Chess 1399"]
[Source "Mark Crowther"]
[SourceDate "2021.08.30"]
[SourceVersion "1"]
[SourceVersionDate "2021.08.30"]
[SourceQuality "2"]

1. d4 d5 2. c4 c6 3. Nc3 Nf6 4. Nf3 e6 5. Bg5 dxc4 6. e4 b5 7. e5 h6 8. Bh4 g5
9. Nxg5 hxg5 10. Bxg5 Nbd7 11. g3 Qa5 12. exf6 b4 13. Ne4 Ba6 14. Bd2 Nb6 15.
a3 Qd5 16. Bg2 c3 17. bxc3 bxa3 18. Bf3 Qf5 19. g4 Qb5 20. Be2 Qd5 21. f3 Bc4
22. Bxc4 Nxc4 23. Qa4 a5 24. Qb3 Qb5 25. Qxb5 cxb5 26. Rb1 b4 27. Ke2 a2 28.
Ra1 b3 29. Kd3 Rc8 30. Bc1 a4 31. Nd2 Nxd2 32. Bxd2 Ba3 33. c4 Bb2 34. Rae1
a1=Q 35. Rxa1 Bxa1 36. Rxa1 b2 37. Re1 Rxh2 38. d5 a3 39. Bf4 a2 0-1